000
00312nam a2200133Ia 4500
008
200103s9999||||xx |||||||||||||| ||und||
040
_a
IMU-MPC
082
_a
Column-31
100
_a
Cox, Glen N.
245
0
_a
Engineering Mechanics
260
_b
D. Van Nostrand Company
_c
1946
300
_a
ix, 301
942
_c
BK
999
_c
7441
_d
7441